000 00446nam a2200145 a 4500
001 000045601
005 20201002052335.0
008 150416s1984 dr a 000 0 spa d
040 _aDO-SdBNP
_bspa
_cBNPHU
082 _axxxx
_bxxxx
100 1 _aHernández, José Ricardo
_973668
245 1 0 _aLagrimas, luz y poesía /
_cJosé Ricardo Hernández.
260 _aSanto Domingo :
_bEstudio Editorial Incoco,
_c1984.
300 _a90 p. :
_bil. ;
_c21 cm.
999 _c45090
_d45090